|
|
|
|
| LEADER |
00690nab a2200205 i 4500 |
| 001 |
acta16759 |
| 005 |
20220505145146.0 |
| 008 |
161015s1969 hu o 0|| ger d |
| 022 |
|
|
|a 0563-0614
|
| 040 |
|
|
|a SZTE Egyetemi Kiadványok Repozitórium
|b hun
|
| 041 |
|
|
|a ger
|
| 100 |
1 |
|
|a Boros József
|
| 245 |
1 |
0 |
|a Angaben zur Untersuchung von lokalen Talklimas
|h [elektronikus dokumentum] /
|c Boros József
|
| 260 |
|
|
|c 1969
|
| 300 |
|
|
|a 83-95
|
| 490 |
0 |
|
|a Acta climatologica
|v 8
|
| 650 |
|
4 |
|a Természettudományok
|
| 650 |
|
4 |
|a Föld- és kapcsolódó környezettudományok
|
| 695 |
|
|
|a Éghajlattan
|
| 856 |
4 |
0 |
|u http://acta.bibl.u-szeged.hu/16759/1/climatologica_008_083-095.pdf
|z Dokumentum-elérés
|